000 00469nam a2200217Ia 4500
001 109909
003 YMCAF
005 20230512162406.0
008 100717s2003 ||||||||||||||||| ||und|d
024 _a109909
035 _aWB896
040 _aYMCAF
_beng
_cIN-KoLT
041 _aeng
082 _a621.367
_bJAH
100 _aJahne, Bernd
245 0 _aDigital image processing
250 _a5th
260 _bSpringer
_c2003
300 _a585
942 _2ddc
_cBK
999 _c11681
_d11681